<?xml version="1.0" encoding="UTF-8"?>
<record
    xmlns:xsi="http://www.w3.org/2001/XMLSchema-instance"
    xsi:schemaLocation="http://www.loc.gov/MARC21/slim http://www.loc.gov/standards/marcxml/schema/MARC21slim.xsd"
    xmlns="http://www.loc.gov/MARC21/slim">

  <leader>00697nam a22001937a 4500</leader>
  <controlfield tag="005">20111212142221.0</controlfield>
  <datafield tag="020" ind1=" " ind2=" ">
    <subfield code="a">9788121938297</subfield>
    <subfield code="c">99.00</subfield>
  </datafield>
  <datafield tag="037" ind1=" " ind2=" ">
    <subfield code="b">S. Chand Publishing </subfield>
  </datafield>
  <datafield tag="100" ind1=" " ind2=" ">
    <subfield code="a">Lade, Roger </subfield>
    <subfield code="9">36841</subfield>
  </datafield>
  <datafield tag="245" ind1=" " ind2=" ">
    <subfield code="a">The most excellent book of how to be a puppeteer /</subfield>
    <subfield code="c">by Roger Lade; edited by Katie Roden; illustrated by Rob Shone</subfield>
  </datafield>
  <datafield tag="260" ind1=" " ind2=" ">
    <subfield code="a">New Delhi  </subfield>
    <subfield code="b">S. Chand Publishing </subfield>
    <subfield code="c">2011</subfield>
  </datafield>
  <datafield tag="270" ind1=" " ind2=" ">
    <subfield code="a">7361, Ram Nagar </subfield>
    <subfield code="b">New Delhi </subfield>
    <subfield code="e">110055</subfield>
  </datafield>
  <datafield tag="300" ind1=" " ind2=" ">
    <subfield code="a">32p. </subfield>
    <subfield code="b">ill. </subfield>
    <subfield code="c">24cm(pbk) </subfield>
  </datafield>
  <datafield tag="490" ind1=" " ind2=" ">
    <subfield code="a">Most excellent </subfield>
    <subfield code="9">36842</subfield>
  </datafield>
  <datafield tag="700" ind1=" " ind2=" ">
    <subfield code="a">Roden, Katie</subfield>
    <subfield code="9">36843</subfield>
  </datafield>
  <datafield tag="700" ind1=" " ind2=" ">
    <subfield code="a"> Shone, Rob</subfield>
    <subfield code="9">36844</subfield>
  </datafield>
  <datafield tag="942" ind1=" " ind2=" ">
    <subfield code="2">ddc</subfield>
    <subfield code="c">CH</subfield>
    <subfield code="m">LAD</subfield>
  </datafield>
  <datafield tag="999" ind1=" " ind2=" ">
    <subfield code="c">59300</subfield>
    <subfield code="d">59300</subfield>
  </datafield>
  <datafield tag="952" ind1=" " ind2=" ">
    <subfield code="0">0</subfield>
    <subfield code="1">0</subfield>
    <subfield code="4">0</subfield>
    <subfield code="7">0</subfield>
    <subfield code="a">AG</subfield>
    <subfield code="b">AG</subfield>
    <subfield code="d">2011-12-12</subfield>
    <subfield code="g">99.00</subfield>
    <subfield code="l">0</subfield>
    <subfield code="o">LAD</subfield>
    <subfield code="r">2011-12-12 00:00:00</subfield>
    <subfield code="v">99.00</subfield>
    <subfield code="w">2011-12-12</subfield>
    <subfield code="y">CH</subfield>
  </datafield>
</record>
